Professional products
保存先:
| フォーマット: | 図書 |
|---|---|
| 言語: | Undetermined |
| 出版事項: |
Eindhoven
N.V. Philips' Gloeilampenfabrieken
1975
|
| 主題: | |
| タグ: |
タグ追加
タグなし, このレコードへの初めてのタグを付けませんか!
|
| Thư viện lưu trữ: | Trung tâm Học liệu Trường Đại học Cần Thơ |
|---|
| LEADER | 00423nam a2200157Ia 4500 | ||
|---|---|---|---|
| 001 | CTU_86720 | ||
| 008 | 210402s9999 xx 000 0 und d | ||
| 082 | |a 621.388 | ||
| 082 | |b P964 | ||
| 245 | 0 | |a Professional products | |
| 260 | |a Eindhoven | ||
| 260 | |b N.V. Philips' Gloeilampenfabrieken | ||
| 260 | |c 1975 | ||
| 650 | |a Television products | ||
| 904 | |i Năm | ||
| 980 | |a Trung tâm Học liệu Trường Đại học Cần Thơ | ||